<?xml version='1.0' encoding='UTF-8'?><?xml-stylesheet href='static/style.xsl' type='text/xsl'?><OAI-PMH xmlns="http://www.openarchives.org/OAI/2.0/" xmlns:xsi="http://www.w3.org/2001/XMLSchema-instance" xsi:schemaLocation="http://www.openarchives.org/OAI/2.0/ http://www.openarchives.org/OAI/2.0/OAI-PMH.xsd"><responseDate>2026-04-30T19:48:58Z</responseDate><request verb="GetRecord" identifier="oai:ebiltegia.mondragon.edu:20.500.11984/4578" metadataPrefix="marc">https://ebiltegia.mondragon.edu/oai/request</request><GetRecord><record><header><identifier>oai:ebiltegia.mondragon.edu:20.500.11984/4578</identifier><datestamp>2024-01-04T21:56:58Z</datestamp><setSpec>com_20.500.11984_1736</setSpec><setSpec>com_20.500.11984_1627</setSpec><setSpec>col_20.500.11984_1972</setSpec></header><metadata><record xmlns="http://www.loc.gov/MARC21/slim" xmlns:dcterms="http://purl.org/dc/terms/" xmlns:xsi="http://www.w3.org/2001/XMLSchema-instance" xmlns:doc="http://www.lyncode.com/xoai" xsi:schemaLocation="http://www.loc.gov/MARC21/slim http://www.loc.gov/standards/marcxml/schema/MARC21slim.xsd">
   <leader>00925njm 22002777a 4500</leader>
   <datafield ind2=" " ind1=" " tag="042">
      <subfield code="a">dc</subfield>
   </datafield>
   <datafield ind2=" " ind1=" " tag="720">
      <subfield code="a">Mondragon Unibertsitatea</subfield>
      <subfield code="e">author</subfield>
   </datafield>
   <datafield ind2=" " ind1=" " tag="260">
      <subfield code="c">2016-03-01</subfield>
   </datafield>
   <datafield ind2=" " ind1=" " tag="520">
      <subfield code="a">Dena prest dago martxoaren 9an egingo den Komunikaldia jardunaldiaren 11. edizioarako. "Nola eman aterabidea egindako ikus-entzunezkoari?" izenpean, ikus-entzunezko komunikazio esparruko profesionalek eta ikasle ohiek partekatuko dituzte bizi izandako lan esperientziak. Jardunaldia egingo da Arrasateko Garaia Berrikuntza Gunean; ekitaldi irekia da, baina interesatuek aldez aurretik izena eman beharko dute. Humanitate eta Hezkuntza Zientzien Fakultateak antolatzen du Komunikaldia. Ekitaldia streaming bidez ere eskainiko da.</subfield>
   </datafield>
   <datafield ind2=" " ind1=" " tag="520">
      <subfield code="a">Organizado por la Facultad de Humanidades y Ciencias de la Educación, el próximo día 9 de marzo se celebrará la undécima edición del la jornada Komunikaldia. Bajo el lema ¿Cómo dar salida al proyecto audiovisual que he creado? profesionales del mundo de la comunicación y antiguos alumnos de la facultad compartirán experiencias profesionales y retos de futuro. El acto se llevará a cabo en el Polo de Innovación Garaia de Arrasate y estará abierto al público, además se emitirá en streaming por Internet.</subfield>
   </datafield>
   <datafield ind1="8" ind2=" " tag="024">
      <subfield code="a">https://hdl.handle.net/20.500.11984/4578</subfield>
   </datafield>
   <datafield tag="653" ind2=" " ind1=" ">
      <subfield code="a">Humanitate eta Hezkuntza Zientzien Fakultatea</subfield>
   </datafield>
   <datafield ind2="0" ind1="0" tag="245">
      <subfield code="a">Komunikaldia 2016:  "Nola eman aterabidea egindako ikus-entzunezkoari?"</subfield>
   </datafield>
   <datafield ind2="0" ind1="0" tag="245">
      <subfield code="a">Komunikaldia 2016: "¿Cómo dar salida al proyecto audiovisual que he creado?"</subfield>
   </datafield>
</record></metadata></record></GetRecord></OAI-PMH>